Представление документа в формате RUSMARC

ПолеНазваниеЗначение
  Тип записи a
  Библиографический уровень c
001 Контрольный номер RU/ГПНТБ России/KNIGADB/84(2Рос=Рус)6/Л 13-548392632
005 Дата корректировки 20260115122924.3
010 Индекс ISBN __
a ISBN 978-5-17-165455-9
b Уточнения в пер.
9 Тираж 3000 экз.
d Цена 484-71
100 Данные общей обработки __
a Данные общей обработки 20250903d2024 am y0rusy028902 ca
101 Язык документа 0_
a Язык текста rus
102 Страна публикации __
a Страна публикации RU
105 Кодированные данные (монография) __
a Кодированные данные (монография) yc z 000zy
181 Поле кодированных данных: вид содержания _0
a Код вида содержания (ISBD) i
182 Поле кодированных данных: тип средства _0
a Код типа средства (ISBD) n
200 Заглавие и сведения об ответственности 1_
a Заглавие Жила-была Вера
e Сведения, относящиеся к заглавию истории о силе духа, любящих сердцах и билете на счастье
e Сведения, относящиеся к заглавию [сборник рассказов]
f Первые сведения об ответственности Людмила Лаврова
203 Вид содержания и тип средства __
c Тип средства непосредственный
a Вид содержания Текст
210 Выходные данные 1_
a Место издания Москва
c Издательство АСТ
c Издательство Времена
d Дата издания 2024
215 Физическое описание __
a Объем 349, [2] с.
d Формат 21 см
225 Серия 2_
a Серия Рассказы Рунета
300 Общие примечания __
a Общие примечания Информация об авторе в аннотации и на 4-й с. обложки
300 Общие примечания __
a Общие примечания На обложке ссылка на сайт автора: dsen.ru/lara_stories
330 Аннотация __
a Аннотация «Жила-была Вера» – это сборник рассказов о силе и мужестве, верности и любви, которые помогают жить и побеждать. На страницах книги вас встретят истории, которые покажут, что даже в самые тяжелые моменты вера и надежда могут стать проводниками к светлому будущему. На примере главных героев вы убедитесь, что, несмотря на все трудности, любая ситуация разрешима, если есть вера в себя, в свою семью и в тех, кто рядом.
333 Примечание о целевом назначении __
a Примечание о целевом назначении 16+. Для детей старше 16 лет
464 Аналитический уровень _0
1 2001
a Горошки для Антошки
464 Аналитический уровень _0
1 2001
a Хранители
464 Аналитический уровень _0
1 2001
a Иваныч
464 Аналитический уровень _0
1 2001
a Крестик
464 Аналитический уровень _0
1 2001
a Ловец снов
464 Аналитический уровень _0
1 2001
a Малевич и кот
464 Аналитический уровень _0
1 2001
a Матренин дом
464 Аналитический уровень _0
1 2001
a Моральный кодекс бабы Мани
464 Аналитический уровень _0
1 2001
a Не путай чемоданы, Вася!
464 Аналитический уровень _0
1 2001
a Ну, дед Мороз, погоди!
464 Аналитический уровень _0
1 2001
a Олина молитва
540 Дополнительное заглавие, сделанное каталогизатором 10
a Дополнительное заглавие, сделанное каталогизатором Истории о силе духа, любящих сердцах и билете на счастье
606 Тематические рубрики __
a Основная рубрика Художественная литература
z Хронологическая подрубрика 21 в.
2 Код системы nlr_sh
606 Тематические рубрики __
a Основная рубрика Современная русская литература (произведения)
2 Код системы nlr_sh
610 Ключевые слова 0_
a Ключевые слова рассказы
610 Ключевые слова 0_
a Ключевые слова жизненные истории
610 Ключевые слова 0_
a Ключевые слова реальные истории
610 Ключевые слова 0_
a Ключевые слова основано на реальных событиях
610 Ключевые слова 0_
a Ключевые слова современная проза
610 Ключевые слова 0_
a Ключевые слова тема любви
610 Ключевые слова 0_
a Ключевые слова тема верности
610 Ключевые слова 0_
a Ключевые слова жизненные рассказы
610 Ключевые слова 0_
a Ключевые слова мотивирующая литература
610 Ключевые слова 0_
a Ключевые слова тема надежды
610 Ключевые слова 0_
a Ключевые слова бытовые истории
610 Ключевые слова 0_
a Ключевые слова тема советского времени
610 Ключевые слова 0_
a Ключевые слова советский быт
610 Ключевые слова 0_
a Ключевые слова тема доброты
610 Ключевые слова 0_
a Ключевые слова тема материнства
610 Ключевые слова 0_
a Ключевые слова тема семьи
610 Ключевые слова 0_
a Ключевые слова житейская проза
610 Ключевые слова 0_
a Ключевые слова проза жизни
610 Ключевые слова 0_
a Ключевые слова уютные истории
610 Ключевые слова 0_
a Ключевые слова тема счастья
610 Ключевые слова 0_
a Ключевые слова трогательные истории
610 Ключевые слова 0_
a Ключевые слова оптимизм
610 Ключевые слова 0_
a Ключевые слова тема оптимизма
686 Индексы других классификаций __
2 Код системы rubbks
a Классификационный индекс 84(2=411.2)6-44; ст84(2=411.2)6-44
700 Автор _1
a Фамилия Лаврова
b Имя Л. Л.
g Полное личное имя Людмила Леонидовна
4 Код отношения 070
f Даты 1978-
801 Источник записи _0
b Организация ГПНТБ России
a Страна RU
c Дата составления 20250903
g Правила каталогизации PSBO
801 Источник записи _1
b Организация ГПНТБ России
a Страна RU
c Дата составления 20250903
g Правила каталогизации PSBO
852 Данные о местонахождении 5_
j Шифр хранения 84(2=411.2)6-44
i Авторский знак Л 13
900 Макрообъекты __
a Макрообъекты Жила была Вера. Лаврова, Л., 2024
901 Тип документа __
a Ответственный ООФиК/Губина
t Тип документа x
903 Характеристики (МАРС) __
a Дата передачи 20250903
c Наименование библиотеки (МАРС) Муниципальное бюджетное учреждение культуры "Централизованная библиотечная система" г. Сургут (Центральная городская библиотека им. А. С. Пушкина)
990 Данные о заказе (DOS) __
j Количество экземпляров (DOS) 3
t N записи в КСУ для И/У (DOS) 202510